Medical care in developing countries: (Record no. 3394)
[ view plain ]
| 000 -LEADER | |
|---|---|
| fixed length control field | 00859nac a22001931u 4500 |
| 010 ## - LIBRARY OF CONGRESS CONTROL NUMBER | |
| LC control number | 001968579 |
| 020 ## - INTERNATIONAL STANDARD BOOK NUMBER | |
| International Standard Book Number | 0194423735 |
| 082 ## - DEWEY DECIMAL CLASSIFICATION NUMBER | |
| Classification number | 362.1091724 |
| Item number | K5801 |
| 090 ## - LOCALLY ASSIGNED LC-TYPE CALL NUMBER (OCLC); LOCAL CALL NUMBER (OCLC) | |
| -- | 3394 |
| -- | 3394 |
| 100 ## - MAIN ENTRY--PERSONAL NAME | |
| Personal name | King, Maurice Henry. |
| 245 ## - TITLE STATEMENT | |
| Title | Medical care in developing countries: |
| Remainder of title | a primer on the medicine of poverty and a symposium from Makerere, based on a conference assisted/ |
| Statement of responsibility, etc | by WHO/UNICEF ... edited and illustrated by Maurice King. |
| 260 ## - PUBLICATION, DISTRIBUTION, ETC. (IMPRINT) | |
| Place of publication, distribution, etc | Oxford: |
| Name of publisher, distributor, etc | Oxford University Press,c.1966. |
| Date of publication, distribution, etc | C.1966. |
| 300 ## - PHYSICAL DESCRIPTION | |
| Extent | pp. [537]; |
| Other physical details | illus., maps. |
| Dimensions | 23 cm. |
| 500 ## - GENERAL NOTE | |
| General note | Donations. |
| 500 ## - GENERAL NOTE | |
| General note | Donations - Bibliotheca Alexandrina. |
| 650 ## - SUBJECT ADDED ENTRY--TOPICAL TERM | |
| Topical term or geographic name as entry element | Medical care -- Developing countries. |
| 942 ## - ADDED ENTRY ELEMENTS (KOHA) | |
| Item type | Book - Borrowing |
| Call number prefix | 362.1091724K5801 |
| Withdrawn status | Item status | Source of classification or shelving scheme | Damaged status | Not for loan | Home library | Current library | Shelving location | Date acquired | Source of acquisition | Total Checkouts | Full call number | Barcode | Date last seen | Date last borrowed | Koha item type |
|---|---|---|---|---|---|---|---|---|---|---|---|---|---|---|---|
| Dewey Decimal Classification | Central Library | Central Library | First floor | 07/04/2010 | Purchase | 1 | 362.1091724 KIN | 000030109 | 15/07/2025 | 28/11/2015 | Book - Borrowing |